| 000 | 00593nam a22001817a 4500 | ||
|---|---|---|---|
| 003 | CEME | ||
| 005 | 20210628203307.0 | ||
| 008 | 210204b xxu||||| |||| 00| 0 eng d | ||
| 020 | _a9780521670371 | ||
| 040 | _c. | ||
| 082 | _a621.3845 RIC | ||
| 100 |
_aRichardson, Andrew _964524 |
||
| 245 | _aWcdma design handbook | ||
| 260 |
_aSOUTH ASIA _bCAMBRIDGE _c2005 |
||
| 300 | _aXIV, 560P | ||
| 650 |
_aCODE DIVISION MULTIPLE ACCESS-HANDBOOKS , MANUALS ETC.WIRELESS COMMUNICATION SYSTEMS-HANDBOOKS, MANUALS ETC..MOBILE COMMUNICATION SYSTEMS-HANDBOOKS, MANUALS ETC. _964525 |
||
| 942 |
_cBK _2ddc |
||
| 999 |
_c572987 _d572987 |
||